000 00797nam a2200241 c 4500
001 190548
003 SpMaBN
005 20240119112356.0
008 210901s2018 sp 000 f spa
020 _a978-84-945959-8-1
020 _a978-84-16574-55-1
080 _a821.134.2-31"19"
100 1 _aCasado Flores, Juan.
_936017
245 1 3 _aEl embrujo del violonchelo /
_cJuan Casado.
260 _a[Sant Cugat del Vallès, Barcelona] :
_bSiglantana ;
_a[Madrid] :
_bIlusbooks,
_c[2018]
300 _a317 p. ;
_c21 cm.
490 1 _aSiglantana narrativa
830 1 _aSiglantana narrativa
_9225900
852 4 _aES-MaACL
_jA-14769
_9197726
_bR,152174
_cDEPO1
_dOlim: N-7769
_hDonación: Editorial
942 _2udc
_cMONOGRAFIA
999 _c190548
_d190548